Normal view
MARC view
Entry Personal Name
001 - CONTROL NUMBER
- control field: 28300
003 - CONTROL NUMBER IDENTIFIER
- control field: ARRUPE
005 - DATE AND TIME OF LATEST TRANSACTION
- control field: 20170112104324.0
008 - FIXED-LENGTH DATA ELEMENTS
- fixed length control field: 170112|| aca||aabn | a|a d
040 ## - CATALOGING SOURCE
- Original cataloging agency: ARRUPE
- Transcribing agency: ARRUPE
100 ## - HEADING--PERSONAL NAME
- Personal name: Smith, Emma,
- Dates associated with a name: 1923-
670 ## - SOURCE DATA FOUND
- Source citation: Work cat.: (ARRUPE)0: Smith, Emma, 1923-, Village children :, c1982.